Clave de respuestas ortografía de la lengua española, método fácil para su aprendizaje : (Registro nro. 25283)
[ vista simple ]
| 000 -CABECERA | |
|---|---|
| campo de control de longitud fija | 00650nam a2200169 a 4500 |
| 001 - NÚMERO DE CONTROL | |
| campo de control | 000025791 |
| 005 - FECHA Y HORA DE LA ÚLTIMA TRANSACCIÓN | |
| campo de control | 20200930024043.0 |
| 008 - DATOS DE LONGITUD FIJA--INFORMACIÓN GENERAL | |
| campo de control de longitud fija | 110217s1997 pn r 000 | spa d |
| 040 ## - FUENTE DE LA CATALOGACIÓN | |
| Centro catalogador/agencia de origen | DO-SdBNP |
| Lengua de catalogación | spa |
| Centro/agencia transcriptor | BNPHU |
| 082 ## - NÚMERO DE LA CLASIFICACIÓN DECIMAL DEWEY | |
| Número de clasificación | xxxxx |
| Número de documento/Ítem | S684o, 1997 |
| 049 ## - FONDOS LOCALES (OCLC) | |
| Fondos de biblioteca | BNGR |
| 100 1# - ENTRADA PRINCIPAL--NOMBRE DE PERSONA | |
| Nombre de persona | Solano de Rodríguez, Milvia, |
| 9 (RLIN) | 52597 |
| 245 10 - MENCIÓN DE TÍTULO | |
| Título | Clave de respuestas ortografía de la lengua española, método fácil para su aprendizaje : |
| Resto del título | con las nuevas normas ortográficas y prosódicas aprobadas por la real academia de la lengua español / |
| Mención de responsabilidad, etc. | Milvia Solano de Rodríguez. |
| 250 ## - MENCIÓN DE EDICIÓN | |
| Mención de edición | 12a ed. |
| 260 ## - PUBLICACIÓN, DISTRIBUCIÓN, ETC. | |
| Lugar de publicación, distribución, etc. | Panamá : |
| Nombre del editor, distribuidor, etc. | [s.n.] , |
| Fecha de publicación, distribución, etc. | 1997. |
| 300 ## - DESCRIPCIÓN FÍSICA | |
| Extensión | 193 p. ; |
| Dimensiones | 23 cm. |
No hay ítems disponibles.
